Statistics for Best Nationalities

Click here to take the quiz!

General Stats

  • This quiz has been taken 83 times
  • The average score is 10 of 12

Answer Stats

#Nice Country% Correct
7.Sweden
94%
1.France
89%
2.Germany
88%
8.Italy
88%
8.Finland
86%
6.Norway
86%
4.Denmark
85%
10.Switzerland
76%
12.Austria
75%
5.Netherlands
72%
3.Iceland
65%
10.Ireland
63%

Score Distribution

Percentile by Number Answered

Percent of People with Each Score

Your Score History

You have not taken this quiz